Statistics for Countries with Multiple Two-Million-People-Cities

Click here to take the quiz!

General Stats

  • This quiz has been taken 126 times
  • The average score is 19 of 23

Answer Stats

#CountryCities% Correct
42ChinaShanghai, Beijing, Guangzhou, Shenzhen, Tianjin, Wuhan, Dongguan, Foshan, Chengdu, Chongqing, Nanjing, Shenyang, Xian, Hangzhou, Harbin, Suzhou, Qingdao, Dalian, Zhengzhou, Shantou, Jinan, Changchun, Kunming, Changsha, Taiyuan, Xiamen, Hefei, Ürümqi, Fuzhou, Shijiazhuang, Wuxi, Zhongshan, Wenzhou, Nanning, Ningbo, Guiyang, Lanzhou, Zibo, Changzhou, Nanchang, Xuzhou, Tangshan
100%
4United StatesNew York, Los Angeles, Chicago, Houston
100%
19IndiaMumbai, Delhi, Kolkata, Chennai, Bengaluru, Hyderabad, Ahmedabad, Pune, Surat, Jaipur, Kanpur, Lucknow, Nagpur, Ghaziabad, Indore, Coimbatore, Kochi, Patna, Calicut
99%
7BrazilSão Paulo, Rio de Janeiro, Salvador, Brasília, Fortaleza, Belo Horizonte, Manaus
98%
2RussiaMoscow, St. Petersburg
98%
5IndonesiaJakarta, Surabaya, Bandung, Bekasi, Medan
96%
4JapanTokyo, Yokohama, Osaka, Nagoya
96%
4South KoreaSeoul, Busan, Incheon, Daegu
96%
3South AfricaJohannesburg, Cape Town, Durban
96%
3NigeriaLagos, Kano, Ibadan
95%
3AustraliaSydney, Melbourne, Brisbane
93%
5PakistanKarachi, Lahore, Faisalabad, Rawalpindi, Gujranwala
92%
3EgyptCairo, Alexandria, Giza
92%
7TurkeyIstanbul, Ankara, Izmir, Bursa, Antalya, Adana, Konya
91%
2BangladeshDhaka, Chittagong
88%
2VietnamHo Chi Minh City, Hanoi
87%
2IranTehran, Mashhad
86%
2Saudi ArabiaRiyadh, Jeddah
78%
3ColombiaBogotá, Medellín, Cali
77%
5TaiwanNew Taipei City, Kaohsiung, Taichung, Taipei, Taoyuan
67%
2VenezuelaMaracaibo, Caracas
53%
2GhanaAccra, Kumasi
36%
2CameroonDouala, Yaoundé
29%

Score Distribution

Percentile by Number Answered

Percent of People with Each Score

Your Score History

You have not taken this quiz